[Event "Oberjoch"]
[Site "?"]
[Date "2002.??.??"]
[Round "8"]
[White "Oettel, Lothar"]
[Black "Oser, Thor"]
[Result "1-0"]
[WhiteElo "1878"]
[BlackElo "1684"]
[Annotator "ChessOrg"]
[PlyCount "83"]

1. d4 d5 2. Nf3 e6 3. e3 Bd6 4. Bd3 f5 5. Nbd2 Nf6 6. c4 c6 7. Qc2 Ne4 8. Nf1
Nd7 9. Ng1 Ndf6 10. f3 Bb4+ 11. Kd1 Nd6 12. cxd5 exd5 13. a3 Ba5 14. Ne2 Bd7
15. Nfg3 g6 16. b4 Bc7 17. Re1 O-O 18. Bd2 b5 19. Nc3 a5 20. Ke2 Nc4 21. Bxc4
bxc4 22. f4 Re8 23. Kf1 axb4 24. axb4 Rxa1 25. Rxa1 Ng4 26. e4 Nxh2+ 27. Kg1
Ng4 28. e5 Qh4 29. Nce2 Bb6 30. Qc3 g5 31. Ra6 gxf4 32. Bxf4 Bd8 33. Qf3 h6 34.
b5 Qh2+ 35. Kf1 Qh4 36. Ke1 Nh2 37. Qa3 Re6 38. bxc6 Rxc6 39. Rxc6 Bxc6 40. Qd6
Bb7 41. Qg6+ Kh8 42. Bxh6 1-0

[Event "Oberjoch"]
[Site "?"]
[Date "2002.??.??"]
[Round "8"]
[White "Ten Berge, Hans"]
[Black "Wolf, Rudolf"]
[Result "1-0"]
[WhiteElo "2133"]
[BlackElo "1450"]
[Annotator "ChessOrg"]
[PlyCount "107"]

1. e4 c5 2. Nf3 Nc6 3. d4 cxd4 4. Nxd4 Nxd4 5. Qxd4 e6 6. Nc3 a6 7. Be2 Qc7 8.
O-O Qc5 9. Qd3 b5 10. Be3 Qc7 11. f4 Bc5 12. Bf3 Bb7 13. Rad1 Ne7 14. Rf2 Bxe3
15. Qxe3 Rd8 16. Rfd2 O-O 17. g3 Nc8 18. a4 b4 19. Na2 a5 20. c3 bxc3 21. Nxc3
Qb6 22. Qxb6 Nxb6 23. b3 Bc6 24. Kf2 Rc8 25. Rd3 Rc7 26. Ne2 g6 27. Rc1 f6 28.
Rdc3 e5 29. Rc5 Ra7 30. fxe5 fxe5 31. Rxe5 Nc8 32. Nd4 Bb7 33. Kg2 Kf7 34. Rc7
Kf6 35. Rb5 Ba6 36. e5+ Kg7 37. Rxa7 Nxa7 38. Rxa5 Bf1+ 39. Kxf1 Nc6 40. Nxc6
Rxf3+ 41. Ke2 Rxb3 42. Ra7 Rb2+ 43. Ke3 Rxh2 44. e6 Rh1 45. exd7 Kh6 46. d8=Q
Re1+ 47. Kf2 Rh1 48. Qd2+ g5 49. Qd6+ Kh5 50. Rxh7+ Kg4 51. Qd4+ Kf5 52. Ne7+
Ke6 53. Qd5+ Kf6 54. Qf5# 1-0

[Event "Oberjoch"]
[Site "?"]
[Date "2002.??.??"]
[Round "8"]
[White "Bullock, Alfred"]
[Black "Sakowski, Christian"]
[Result "0-1"]
[WhiteElo "1545"]
[BlackElo "1715"]
[Annotator "ChessOrg"]
[PlyCount "84"]

1. e4 c6 2. d3 d5 3. Nd2 dxe4 4. dxe4 Nf6 5. c3 Nbd7 6. Qc2 e6 7. Ngf3 Qc7 8.
Bd3 Be7 9. Nf1 Nc5 10. Be3 Nxd3+ 11. Qxd3 b6 12. O-O-O Ng4 13. h3 Nxe3 14. Nxe3
Bb7 15. Qc2 O-O 16. Rd2 Rfd8 17. Rxd8+ Rxd8 18. Rd1 c5 19. Rxd8+ Qxd8 20. Kb1
Qa8 21. Nd2 Bg5 22. Nef1 b5 23. f3 Qd8 24. Nb3 Be7 25. Qd2 Qxd2 26. Nfxd2 e5
27. Kc2 g6 28. Kd1 f5 29. exf5 gxf5 30. Ke2 Bd5 31. g4 c4 32. Nc1 Bg5 33. gxf5
Kg7 34. b3 Bxd2 35. Kxd2 Bxf3 36. bxc4 bxc4 37. Ke3 Bg2 38. h4 Kf6 39. Ne2 Kxf5
40. h5 Kg5 41. Ng3 Kg4 42. Kf2 Bc6 0-1

[Event "Oberjoch"]
[Site "?"]
[Date "2002.??.??"]
[Round "8"]
[White "Kumeth, Hartmut"]
[Black "Wagner, Klaus"]
[Result "1-0"]
[WhiteElo "1643"]
[BlackElo "1407"]
[Annotator "ChessOrg"]
[PlyCount "73"]

1. d4 g6 2. Nf3 Bg7 3. e4 d6 4. c4 Bg4 5. Be2 Bxf3 6. Bxf3 c6 7. O-O Nd7 8. Re1
e5 9. d5 c5 10. Qc2 Ne7 11. Nc3 a6 12. Bg5 f6 13. Bd2 O-O 14. a3 f5 15. Bg5 Bf6
16. Bxf6 Rxf6 17. Qd2 f4 18. h3 Kg7 19. b4 g5 20. Na4 Ng6 21. Bg4 h6 22. Bxd7
f3 23. Bg4 fxg2 24. bxc5 Nh4 25. Re3 Rf4 26. Rb1 Rb8 27. cxd6 Qf8 28. Qe2 Qf6
29. Rb6 Kh8 30. d7 Rxf2 31. Rxf6 Rxe2 32. Rxe2 Kg7 33. Ref2 Ng6 34. Rf7+ Kg8
35. R2f6 Nf4 36. Be6 Nxe6 37. dxe6 1-0

[Event "Oberjoch"]
[Site "?"]
[Date "2002.??.??"]
[Round "8"]
[White "Wempe, Moritz"]
[Black "Hartmann, Rudi"]
[Result "0-1"]
[WhiteElo "1168"]
[BlackElo "1750"]
[Annotator "ChessOrg"]
[PlyCount "64"]

1. e4 c5 2. d4 cxd4 3. Qxd4 Nc6 4. Qd1 Nf6 5. Nc3 g6 6. Bd3 Bg7 7. Nge2 d6 8.
Bg5 a6 9. O-O O-O 10. Qd2 b5 11. a3 Bb7 12. Nf4 e6 13. Rad1 Qc7 14. Rfe1 Rac8
15. Be2 Rfd8 16. b3 Ne5 17. Na2 Qxc2 18. Qxc2 Rxc2 19. Nb4 Rc3 20. Rd3 Rxd3 21.
Bxd3 Rc8 22. Na2 h6 23. Bxf6 Bxf6 24. Rc1 Rxc1+ 25. Nxc1 Nxd3 26. Ncxd3 Bxe4
27. f3 Bxd3 28. Nxd3 g5 29. a4 bxa4 30. bxa4 Kf8 31. Nc1 Ke7 32. Nb3 Bc3 0-1

[Event "Oberjoch"]
[Site "?"]
[Date "2002.??.??"]
[Round "8"]
[White "Laux, Dieter"]
[Black "Suess, Horst"]
[Result "0-1"]
[WhiteElo "1369"]
[BlackElo "1400"]
[Annotator "ChessOrg"]
[PlyCount "108"]

1. f4 e6 2. Nf3 Nf6 3. d3 d5 4. g3 Nbd7 5. Bg2 Bd6 6. O-O c5 7. c3 h6 8. Na3 a6
9. Nc2 b5 10. Re1 Nb6 11. e4 Be7 12. e5 Nfd7 13. Be3 c4 14. d4 O-O 15. Bh3 Nb8
16. Qd2 f5 17. exf6 Bxf6 18. Ne5 Qe8 19. g4 Bh4 20. Re2 N8d7 21. Rf1 Nxe5 22.
dxe5 Na4 23. Nd4 Nc5 24. Nxe6 Bxe6 25. Bxc5 Rf7 26. f5 Bg5 27. Qd4 Bc8 28. Qxd5
Bb7 29. Qd1 Qc6 30. Bg2 Qxc5+ 31. Qd4 Qc7 32. Bxb7 Rd8 33. Qxd8+ Qxd8 34. Be4
Rd7 35. Bc2 Qb6+ 36. Kg2 Rd2 37. Rxd2 Bxd2 38. Rf3 Qc6 39. h4 Kf7 40. e6+ Ke7
41. Kf2 Be1+ 42. Ke3 Bxh4 43. Be4 Bg5+ 44. Kd4 Qd6+ 45. Bd5 Qh2 46. Kc5 Qg1+
47. Kb4 Qd1 48. Kc5 Qg1+ 49. Kb4 Qxg4 50. Ka5 Kd6 51. Ba8 Qg1 52. Kxa6 Qb1 53.
b4 Qxa2+ 54. Kxb5 Qxa8 0-1

[Event "Oberjoch"]
[Site "?"]
[Date "2002.??.??"]
[Round "9"]
[White "Wempe, Juergen"]
[Black "Ketzscher, Roland"]
[Result "1/2-1/2"]
[WhiteElo "2167"]
[BlackElo "2197"]
[Annotator "ChessOrg"]
[PlyCount "43"]

1. d4 Nf6 2. Nf3 d5 3. Bf4 c6 4. c3 Qb6 5. Qb3 Bf5 6. Nbd2 Nbd7 7. c4 dxc4 8.
Nxc4 Qxb3 9. axb3 Nd5 10. Bd2 e6 11. Kd1 Be7 12. Nfe5 Nxe5 13. dxe5 O-O 14. f3
Nb6 15. e4 Bg6 16. Bd3 Rad8 17. Ke2 Rd7 18. Nxb6 axb6 19. Be3 Rfd8 20. Rhd1 c5
21. Bb5 Rxd1 22. Rxd1 1/2-1/2

[Event "Oberjoch"]
[Site "?"]
[Date "2002.??.??"]
[Round "9"]
[White "Niedergesaess, Herbert"]
[Black "Aigner, Georg"]
[Result "1/2-1/2"]
[WhiteElo "1906"]
[BlackElo "1787"]
[Annotator "ChessOrg"]
[PlyCount "95"]

1. c4 e6 2. Nf3 d5 3. d4 dxc4 4. Qa4+ Nd7 5. Qxc4 Nb6 6. Qc2 Nf6 7. g3 Bd7 8.
Bg2 Bc6 9. Nbd2 Nbd5 10. a3 Ne7 11. O-O Nf5 12. e3 Be7 13. b3 h6 14. h4 Ng4 15.
Nc4 Bxh4 16. Nxh4 Nxh4 17. Bxc6+ bxc6 18. Qe4 Qd5 19. Qxd5 cxd5 20. gxh4 dxc4
21. bxc4 Kd7 22. Rb1 Rab8 23. Bd2 Nf6 24. f3 Rhc8 25. e4 Ne8 26. Bb4 Nd6 27.
Rfc1 a5 28. Bxa5 Rxb1 29. Rxb1 Nxc4 30. Bb4 Ra8 31. Rb3 Na5 32. Rc3 Nc6 33. Bc5
Ra4 34. Rd3 Ne7 35. Bxe7 Kxe7 36. Kf2 g5 37. hxg5 hxg5 38. f4 Kf6 39. fxg5+
Kxg5 40. d5 Rxe4 41. dxe6 Rxe6 42. Rc3 Ra6 43. Rc5+ Kg6 44. Rxc7 Rxa3 45. Kg2
Ra2+ 46. Kh3 Ra5 47. Kh4 Ra4+ 48. Kh3 1/2-1/2

[Event "Oberjoch"]
[Site "?"]
[Date "2002.??.??"]
[Round "9"]
[White "Oettel, Lothar"]
[Black "Ten Berge, Hans"]
[Result "0-1"]
[WhiteElo "1878"]
[BlackElo "2133"]
[Annotator "ChessOrg"]
[PlyCount "54"]

1. d4 e6 2. Nf3 Nf6 3. g3 d5 4. c4 c6 5. Qc2 Bd6 6. Bg2 Nbd7 7. O-O O-O 8. c5
Bc7 9. Nbd2 Re8 10. e4 e5 11. exd5 Nxd5 12. Ne4 exd4 13. Nxd4 Ne5 14. Rd1 Bg4
15. Rd2 Qd7 16. Ng5 Ng6 17. h3 Re1+ 18. Kh2 h6 19. Ngf3 Bxf3 20. Nxf3 Re7 21.
b3 h5 22. Bb2 Rae8 23. Rad1 h4 24. Ng5 hxg3+ 25. fxg3 b6 26. h4 Qg4 27. Rd4
Qxg3+ 0-1

[Event "Oberjoch"]
[Site "?"]
[Date "2002.??.??"]
[Round "9"]
[White "Johannsen, Torsten"]
[Black "Kumeth, Hartmut"]
[Result "1/2-1/2"]
[WhiteElo "2017"]
[BlackElo "1643"]
[Annotator "ChessOrg"]
[PlyCount "56"]

1. c4 c5 2. g3 b6 3. Bg2 Nc6 4. Nf3 Bb7 5. O-O g6 6. e3 Bg7 7. d4 d6 8. Qa4 Qd7
9. dxc5 bxc5 10. Nbd2 Nf6 11. Rd1 O-O 12. Ne1 Rfc8 13. Nb3 Qc7 14. Bd2 Nd7 15.
Qa3 Nb6 16. Rac1 Ne5 17. Na5 Bxg2 18. Kxg2 Qd7 19. Nd3 Qf5 20. Nxe5 Bxe5 21.
Bc3 Qe4+ 22. Kg1 Nd7 23. Nb3 Bxc3 24. Rxc3 Ne5 25. Nd2 Nf3+ 26. Nxf3 Qxf3 27.
Rcd3 Qe4 28. Qa4 Qc6 1/2-1/2

[Event "Oberjoch"]
[Site "?"]
[Date "2002.??.??"]
[Round "9"]
[White "Sakowski, Christian"]
[Black "Schmidt, Werner"]
[Result "1/2-1/2"]
[WhiteElo "1715"]
[BlackElo "1988"]
[Annotator "ChessOrg"]
[PlyCount "79"]

1. d4 Nf6 2. Nf3 c5 3. d5 e6 4. c4 exd5 5. cxd5 d6 6. Nc3 Be7 7. g3 O-O 8. Bg2
Nbd7 9. O-O a6 10. a4 b6 11. Bg5 Bb7 12. e4 Re8 13. Re1 Ne5 14. Nxe5 dxe5 15.
Bxf6 Bxf6 16. Qd3 Be7 17. b3 Bd6 18. Nb1 Bc8 19. Nd2 Rb8 20. Nc4 b5 21. axb5
Rxb5 22. Nxd6 Qxd6 23. Ra3 Rb4 24. Qc3 Bb7 25. f3 Qb6 26. Kh1 f6 27. Bf1 Kf8
28. Bc4 Ra8 29. Rea1 Ke8 30. Ra5 Kd7 31. R1a3 Qd6 32. Qd3 Rb6 33. Kg2 Ke7 34.
Qe3 Rc8 35. Ra1 Kd8 36. Rc1 Rb4 37. Rca1 Rb6 38. h4 Ke7 39. g4 Ke8 40. Qe2
1/2-1/2

[Event "Oberjoch"]
[Site "?"]
[Date "2002.??.??"]
[Round "9"]
[White "Hartmann, Rudi"]
[Black "Bullock, Alfred"]
[Result "1-0"]
[WhiteElo "1750"]
[BlackElo "1545"]
[Annotator "ChessOrg"]
[PlyCount "75"]

1. d4 d6 2. c4 Nd7 3. e4 e5 4. d5 Ngf6 5. Nc3 Be7 6. Bd3 O-O 7. Nge2 Re8 8. O-O
Nf8 9. f3 h6 10. Be3 g5 11. Qd2 N6h7 12. b4 Ng6 13. g3 Bh3 14. Rf2 Qd7 15. Qc2
h5 16. Kh1 g4 17. Ng1 h4 18. Nxh3 hxg3 19. hxg3 gxh3 20. Qd2 f6 21. Rg1 Kf7 22.
f4 Rh8 23. Rh2 Rag8 24. Bf1 Qd8 25. Bxh3 Ngf8 26. Bf5 Rg7 27. Qe2 Ng6 28. Be6+
Kf8 29. f5 Ng5 30. fxg6 Rxh2+ 31. Qxh2 Nxe6 32. dxe6 Kg8 33. Qh3 Qe8 34. Kg2
Qxg6 35. Rh1 Rh7 36. Qxh7+ Qxh7 37. Rxh7 Kxh7 38. Nd5 1-0

[Event "Oberjoch"]
[Site "?"]
[Date "2002.??.??"]
[Round "9"]
[White "Oser, Thor"]
[Black "Laux, Dieter"]
[Result "1/2-1/2"]
[WhiteElo "1684"]
[BlackElo "1369"]
[Annotator "ChessOrg"]
[PlyCount "56"]

1. e4 d6 2. d4 c5 3. Nf3 cxd4 4. Nxd4 e5 5. Nb3 Nf6 6. Nc3 a6 7. h3 Be6 8. Be3
b5 9. a3 Nc6 10. Be2 Be7 11. O-O O-O 12. f4 Bxb3 13. cxb3 Qc7 14. Rc1 Qb7 15.
Nd5 Rfe8 16. Nxe7+ Nxe7 17. Qxd6 Qxe4 18. Qd3 Qxd3 19. Bxd3 e4 20. Bb1 Ned5 21.
Rce1 Nxe3 22. Rxe3 Re7 23. Rfe1 Rae8 24. g4 Nd5 25. Rxe4 Rxe4 26. Rxe4 Rxe4 27.
Bxe4 Nxf4 28. Bb7 a5 1/2-1/2

[Event "Oberjoch"]
[Site "?"]
[Date "2002.??.??"]
[Round "9"]
[White "Suess, Horst"]
[Black "Wagner, Klaus"]
[Result "1-0"]
[WhiteElo "1400"]
[BlackElo "1407"]
[Annotator "ChessOrg"]
[PlyCount "83"]

1. e4 e5 2. Nf3 d6 3. Bc4 Be7 4. Nc3 c6 5. d4 Nd7 6. Ne2 Ngf6 7. Ng3 Nb6 8. Bb3
d5 9. dxe5 Nxe4 10. Nxe4 dxe4 11. Qxd8+ Bxd8 12. Ng5 Bxg5 13. Bxg5 O-O 14. O-O
Be6 15. f4 Bxb3 16. axb3 f6 17. exf6 gxf6 18. Bh6 Rfe8 19. f5 Nd5 20. Rfe1 Re7
21. Ra4 e3 22. Rg4+ Kf7 23. Rg7+ Ke8 24. Rxe7+ Nxe7 25. g4 Nd5 26. c4 Nb4 27.
Rxe3+ Kf7 28. Re6 Rg8 29. h3 Nd3 30. Be3 Rh8 31. Kh2 h6 32. Bxa7 Ne5 33. Kg3
Rd8 34. Bc5 Re8 35. Rxe8 Kxe8 36. Bd4 Kf7 37. Bxe5 fxe5 38. Kf3 Kf6 39. Ke4 b5
40. h4 bxc4 41. bxc4 c5 42. g5+ 1-0

[Event "Oberjoch"]
[Site "?"]
[Date "2002.??.??"]
[Round "9"]
[White "Wolf, Rudolf"]
[Black "Wempe, Moritz"]
[Result "0-1"]
[WhiteElo "1450"]
[BlackElo "1168"]
[Annotator "ChessOrg"]
[PlyCount "204"]

1. f4 d5 2. e3 Nc6 3. Nf3 Bg4 4. Bb5 e6 5. b3 Bd6 6. Bb2 f6 7. d3 Nge7 8. Nbd2
a6 9. Bxc6+ Nxc6 10. h3 Bxf3 11. Nxf3 O-O 12. a3 e5 13. g3 e4 14. Nd4 Nxd4 15.
Bxd4 g5 16. h4 Qe7 17. Bb2 Rae8 18. d4 Qe6 19. b4 b6 20. Qe2 c5 21. c3 c4 22.
Qh5 Qf7 23. Qg4 f5 24. hxg5 fxg4 25. Ke2 a5 26. Rh4 axb4 27. axb4 Ra8 28. Rb1
Ra2 29. Kd2 Qa7 30. Rxg4 Qa3 31. Kc1 Qa7 32. Kc2 Qa4+ 33. Kc1 Qb3 34. g6 hxg6
35. Rxg6+ Kf7 36. Rxd6 Qa4 37. Rh6 Rg8 38. Rh7+ Rg7 39. Rh3 Qd7 40. Rh2 Rxg3
41. Kc2 Qf5 42. Rbh1 Ra8 43. Rh7+ Rg7 44. R7h5 Qg4 45. R1h2 Kg6 46. Rg5+ Qxg5
47. fxg5 Kxg5 48. Rg2+ Kh6 49. Rf2 Rg3 50. Rf6+ Rg6 51. Rf5 Rg5 52. Rf6+ Kg7
53. Rxb6 Rf8 54. Rb7+ Rf7 55. Rxf7+ Kxf7 56. Ba3 Rg2+ 57. Kd1 Ke7 58. b5+ Kd7
59. Bc5 Kc7 60. Ba7 Kb7 61. Bc5 Rg3 62. Ke2 Rg2+ 63. Kf1 Rb2 64. b6 Ra2 65. Ke1
Rc2 66. Bb4 Kxb6 67. Kd1 Rh2 68. Ke1 Kc6 69. Kf1 Kd7 70. Kg1 Re2 71. Kf1 Rxe3
72. Kf2 Rd3 73. Ba5 Kc6 74. Ke2 Kb5 75. Bb4 Rf3 76. Kd2 Ka4 77. Ke2 Kb3 78. Kd2
Kb2 79. Ba5 e3+ 80. Ke2 Rh3 81. Bb4 Kb3 82. Ba5 Ka4 83. Bb4 Kb5 84. Bd6 Ka4 85.
Be7 Kb3 86. Bb4 Kc2 87. Ba5 Rh2+ 88. Kxe3 Rh3+ 89. Kf4 Rxc3 90. Bxc3 Kxc3 91.
Ke5 Kb4 92. Kxd5 c3 93. Ke6 c2 94. d5 c1=Q 95. d6 Qe3+ 96. Kf7 Qf4+ 97. Ke7
Qe5+ 98. Kd7 Kc5 99. Kc8 Qxd6 100. Kb7 Kb5 101. Ka7 Kc6 102. Ka8 Kc7 0-1